MARC

LEADER 00000nas a2200000 4500
001 ssj0004036
003 WaSeSS
005 20200512172242.0
006 m d
007 cr n
008 780828c19789999oncbr p s o 0 a0eng c
010 |a  79644470   |z cn 79030220  
015 |a 790302209  |2 can 
016 |a (AMICUS)000000494948 
016 |a 790302209 
016 7 |a 010092994  |2 DE-101 
016 7 |a 6889-5  |2 DE-600 
016 7 |a 011742168  |2 Uk 
022 |l 0706-2168  |y 0706-2168 
030 |a CGEJAB 
032 |a 002573  |b USPS 
035 |a (WaSeSS)ssj0004036 
040 |a MHS  |b eng  |c MHS  |d UCU  |d COO  |d NLC  |d OCL  |d DLC  |d OCL  |d DLC  |d NLC  |d NST  |d NSD  |d NST  |d DLC  |d NST  |d AIP  |d NST  |d NLC  |d AIP  |d NLC  |d AIP  |d NST  |d NSD  |d NLC  |d NST  |d NLC  |d NST  |d WAU  |d EYM  |d ORZ  |d OCLCQ  |d TJC  |d GUA  |d OCLCQ  |d NSD  |d NLGGC  |d NYDWH  |d GUA  |d ZP2  |d OCLCQ  |d HEBIS  |d GBVCP  |d UKMGB  |d OCLCQ  |d OCLCF  |d P4I  |d OCLCO  |d DEBBG  |d AGLDB  |d GUA  |d QE2  |d XFH  |d OCLCQ  |d CSJ  |d OCLCQ  |d L6B  |d GILDS  |d OCLCO  |d OCLCQ  |d XOJ  |d CPO  |d OCLCQ  |d S4S  |d HTM  |d OCLCQ  |d CBA  |d OCLCO  |d NJR  |d U3G  |d NTG  |d OCLCQ  |d OCLCO  |d WaSeSS 
042 |a nlc  |a isds/c  |a pcc 
043 |a n-cn--- 
050 0 0 |a G1  |b .C3 
082 0 4 |a 917.1/04  |a 971/.005 
210 0 |a Can. geogr. 
222 0 |a Canadian geographic 
245 0 0 |a Canadian geographic  |h [electronic resource]. 
260 |a [Ottawa?]  |b Canada Geographic Enterprises on behalf of The Royal Canadian Geographical Society 
310 |a 6 times a year (Jan./Feb., Apr., June, July/Aug., Oct., Dec.),  |b <2014-> 
321 |a Bimonthly,  |b <1978-> 
500 |a Imprint varies: [Ottawa, the Royal Canadian Geographical Society], <1978-> 
506 |a License restrictions may limit access. 
515 |a Some volumes have an additional issue called "Annual." 
650 0 |a Natural history  |z Canada  |v Periodicals. 
650 6 |a Géographie  |v Périodiques. 
650 7 |a Antiquities.  |2 fast  |0 (OCoLC)fst00810745 
650 7 |a Natural history.  |2 fast  |0 (OCoLC)fst01034268 
650 7 |a Travel.  |2 fast  |0 (OCoLC)fst01155558 
650 1 7 |a GEOGRAPHY.  |2 unbist 
650 1 7 |a CANADA.  |2 unbist 
651 0 |a Canada  |x Description and travel  |v Periodicals. 
651 0 |a Canada  |x Antiquities  |v Periodicals. 
651 5 |a Canada  |x Antiquities  |v Periodicals. 
651 7 |a Canada.  |2 fast  |0 (OCoLC)fst01204310 
655 0 |a Electronic journals. 
710 2 |a Royal Canadian Geographical Society. 
770 0 |a Canadian geographic. Index  |g 1988-  |x 1182-3895  |w (OCoLC)22633174 
770 0 |t Through the lens with Canada's best photographers and writers  |w (DLC)sn 98048382  |w (OCoLC)40569685 
770 0 |t Canadian geographic magazine index  |g 1981-87  |x 1182-3887  |w (OCoLC)18299365  |w (CaOONL)880312068 
770 0 |t Canadian geographic travel  |w (DLC) 2008233339  |w (OCoLC)221974413 
776 1 |t Canadian geographic  |x 0706-2168  |w (OCoLC)48401256 
780 0 0 |t Canadian geographical journal  |x 0315-1824  |w (DLC) 32996154  |w (OCoLC)1553099 
850 |a AU  |a CU-S  |a CaBRC  |a CaBVa  |a CaBViPA  |a CaMWU  |a CaOOE  |a CaOOEDC  |a CaQMaC  |a CoFS  |a CtY  |a DLC  |a FU  |a In  |a KyLoU  |a MMeT  |a MNS  |a MdU  |a MiDW  |a MnU  |a MsU  |a NN  |a NcCU  |a NjR  |a OkU  |a PPT  |a RPB  |a ViBlbV  |a WyU 
853 2 0 |8 1  |a v.  |b no.  |u 6  |v r  |i (year)  |j (month/month)  |w b  |x 01/02  |y pm 01/02,03/04,05/06,07/08,09/10,11/12 
856 4 0 |z Full text available from Research Library: 01/01/1994 to present  |u https://search.proquest.com/publication/42250 
863 4 1 |8 1.1  |a <114>  |b <2>  |i <1994>  |j <03/04>